000 00430nam a2200145Ia 4500
008 211109s9999||||xx |||||||||||||| ||und||
082 _a891.43
_bSAS.S
100 _aSastri, P R S
245 0 _aAshta Del
260 _bBamsuri Books
_aAluva
_c1991
300 _a102p.
630 _xGeneral Stack
650 _aLITERATURE & RHETORIC
_vLITERATURES OFOTHER LANGUAGESEAST INDO-EUROPEAN & CELTIC LITERATURES
_xGeneralia
942 _cBOOK
999 _c16808
_d16808